Statistics for Manchester City Squad 2015-16 Season

Click here to take the quiz!

General Stats

  • This quiz has been taken 114 times
  • The average score is 20 of 25

Answer Stats

HintAnswer% Correct
1GKJoe Hart
99%
10FWDSergio Aguero
97%
21MIDDavid Silva
96%
4DEFVincent Kompany
96%
42MIDYaya Toure
93%
7MIDRaheem Sterling
92%
25MIDFernandinho
91%
17MIDKevin De Bruyne
88%
11DEFAleksander Kolarov
88%
22DEFGael Clichy
88%
3DEFBacary Sagna
86%
30DEFNicolas Otamendi
86%
6MIDFernando
86%
5DEFPablo Zabaleta
84%
15MIDJesus Navas
82%
20DEFEliaquim Mangala
80%
8MIDSamir Nasri
79%
14FWDWilfried Bony
76%
13GKWilly Caballero
75%
26DEFMartin Demichelis
69%
18MIDFabian Delph
63%
29GKRichard Wright
60%
72FWDKelechi Iheanacho
59%
36MIDBruno Zuculini
27%
27MIDPatrick Roberts
26%

Score Distribution

Percentile by Number Answered

Percent of People with Each Score

Your Score History

You have not taken this quiz